[Event "GER-ch U08"]
[Site "Willingen"]
[Date "2024.05.24"]
[Round "6"]
[White "Wachtel, Edwin"]
[Black "Simon, Benjamin"]
[Result "1-0"]
[WhiteElo "1217"]
[BlackElo "1305"]
[PlyCount "31"]
[EventDate "2024.05.22"]
[EventType "swiss"]
[EventRounds "7"]
[EventCountry "GER"]
[SourceTitle "CBM 220 Extra"]
[Source "ChessBase"]
[SourceDate "2024.07.31"]
[SourceVersion "1"]
[SourceVersionDate "2024.07.31"]
[SourceQuality "1"]

1. e4 e5 2. Nf3 Nf6 3. Nc3 Bb4 4. Bc4 Nxe4 5. Nxe4 d5 6. Bxd5 Qxd5 7. Nc3 Qd6 8. 0-0 0-0 9. a3 Ba5 10. b4 Bb6 11. a4 Nc6 12. b5 Nd4 13. Ba3 Qg6 14. Nxd4 Bg4 15. Nde2 Bh3 16. Ng3 1-0

[Event "GER-ch U08"]
[Site "Willingen"]
[Date "2024.05.22"]
[Round "1"]
[White "Liu, Mio Runhan"]
[Black "Simon, Benjamin"]
[Result "0-1"]
[WhiteElo "1101"]
[BlackElo "1305"]
[PlyCount "46"]
[EventDate "2024.05.22"]
[EventType "swiss"]
[EventRounds "7"]
[EventCountry "GER"]
[SourceTitle "CBM 220 Extra"]
[Source "ChessBase"]
[SourceDate "2024.07.31"]
[SourceVersion "1"]
[SourceVersionDate "2024.07.31"]
[SourceQuality "1"]

1. e4 e5 2. Nf3 Nf6 3. Nc3 Bb4 4. a3 Bxc3 5. bxc3 0-0 6. Be2 Nc6 7. d3 d5 8. exd5 Nxd5 9. c4 Nf6 10. 0-0 e4 11. Ng5 Re8 12. Bh5 Be6 13. Nxe4 Nxe4 14. dxe4 Bxc4 15. Re1 Qxd1 16. Bxd1 Rad8 17. Bf3 Nd4 18. Bd1 Ne2+ 19. Kh1 Rxe4 20. f3 Ng3+ 21. hxg3 Rxe1+ 22. Kh2 Rdxd1 23. Rb1 Rh1# 0-1

[Event "GER-ch U08"]
[Site "Willingen"]
[Date "2024.05.22"]
[Round "2"]
[White "Simon, Benjamin"]
[Black "Merle, Atreyu Lukas"]
[Result "0-1"]
[WhiteElo "1305"]
[BlackElo "1191"]
[PlyCount "50"]
[EventDate "2024.05.22"]
[EventType "swiss"]
[EventRounds "7"]
[EventCountry "GER"]
[SourceTitle "CBM 220 Extra"]
[Source "ChessBase"]
[SourceDate "2024.07.31"]
[SourceVersion "1"]
[SourceVersionDate "2024.07.31"]
[SourceQuality "1"]

1. e4 e5 2. Nf3 Nc6 3. Nc3 Nf6 4. Bb5 Bb4 5. 0-0 0-0 6. d3 d6 7. Ne2 Bg4 8. Bxc6 bxc6 9. Ng3 d5 10. h3 Be6 11. Nxe5 Qd6 12. Nf3 Nd7 13. Be3 Qe7 14. c3 Bd6 15. exd5 cxd5 16. Ne2 Qf6 17. d4 Bxh3 18. Qd2 Bg4 19. Bg5 Qe6 20. Rfe1 Bxf3 21. gxf3 Qh3 22. Qd3 Bh2+ 23. Kh1 Bg3+ 24. Kg1 Qh2+ 25. Kf1 Qxf2# 0-1